[Event "3rd Africa-ch"]
[Site "Abuja NGR"]
[Date "2003.10.12"]
[Round "3"]
[White "Khaled, Aoudia"]
[Black "Arab, Adlane"]
[Result "0-1"]
[WhiteElo "2156"]
[BlackElo "2241"]
[EventDate "2003.10.10"]
[PlyCount "140"]

1.Nf3 e6 2.c4 Nf6 3.g3 b6 4.Bg2 Bb7 5.O-O Be7 6.b3 O-O 7.Bb2 c5 8.d4 cxd4 
9.Qxd4 Qc7 10.Nc3 Nc6 11.Qd2 a6 12.Rad1 Rfd8 13.Qg5 h6 14.Qh4 Qb8 15.Rd2 
b5 16.Rfd1 bxc4 17.bxc4 Qc7 18.Ne4 Nxe4 19.Qxe4 Na5 20.Qg4 Bf8 21.Bf6 Qxc4
22.Rd4 Qxe2 23.Bxd8 Rxd8 24.a4 Nb3 25.Re1 Qb2 26.Rf4 Qc3 27.Rd1 d5 28.Qh5 
g6 29.Qe5 Bg7 30.Qxc3 Bxc3 31.Ne1 Kg7 32.Rc4 dxc4 33.Rxd8 Bxe1 34.Bxb7 Nc5
35.Rd1 Bb4 36.Rb1 a5 37.Bc6 Ba3 38.Bf3 c3 39.Bd1 Nd3 40.Rb5 Ne1 41.Rxa5 c2
42.Bxc2 Nxc2 43.Ra8 Nd4 44.a5 Nb5 45.a6 Bc5 46.Rb8 Na7 47.Kf1 Kf6 48.Ke2 
e5 49.f3 Bd4 50.Rb7 Ke6 51.Kd3 Nc6 52.h3 f5 53.g4 fxg4 54.hxg4 Kf6 55.Ke4 
Kg5 56.Rc7 Na7 57.Rg7 Nb5 58.Rh7 Kf6 59.Rxh6 Nc3+ 60.Kd3 Nd5 61.Rh7 Nb4+ 
62.Ke4 Nxa6 63.Rh1 Nc5+ 64.Kd5 Kg5 65.Rh3 Nd3 66.Rh8 Kf4 67.Rf8+ Ke3 68.
Rf6 Nf4+ 69.Kd6 Kxf3 70.g5 Kg4 0-1

[Event "3rd Africa-ch"]
[Site "Abuja NGR"]
[Date "2003.10.12"]
[Round "3"]
[White "Chakurira, Svunurai"]
[Black "Bouah, Lyndon"]
[Result "0-1"]
[WhiteElo "2205"]
[BlackElo "2175"]
[EventDate "2003.10.10"]
[PlyCount "58"]

1.e4 Nf6 2.e5 Nd5 3.Nc3 Nxc3 4.dxc3 d5 5.Nf3 c5 6.Be3 e6 7.Qd2 Nc6 8.Be2 
Be7 9.Bf4 O-O 10.h4 f6 11.O-O-O fxe5 12.Nxe5 Bd6 13.Nxc6 bxc6 14.Bxd6 Qxd6
15.Rdf1 e5 16.g4 Be6 17.h5 Rf4 18.h6 g6 19.f3 Rb8 20.Bd3 c4 21.Be2 d4 22.
Rd1 c5 23.cxd4 cxd4 24.Qa5 Rf7 25.Rhe1 Bd5 26.f4 Rxf4 27.Qxa7 Rf7 28.Qa4 
Ra8 29.Qb5 Rb7 0-1

[Event "3rd Africa-ch"]
[Site "Abuja NGR"]
[Date "2003.10.12"]
[Round "3"]
[White "Domingos, Ediberto"]
[Black "Ben Nasser, Khaled"]
[Result "1/2-1/2"]
[WhiteElo "2200"]
[BlackElo "2282"]
[EventDate "2003.10.10"]
[PlyCount "120"]

1.d4 Nf6 2.c4 e6 3.Nf3 d5 4.e3 c5 5.Be2 Nc6 6.O-O Be7 7.a3 O-O 8.dxc5 dxc4
9.Bxc4 Bxc5 10.Qe2 a5 11.Rd1 Qe7 12.Nc3 e5 13.h3 e4 14.Nd4 Ne5 15.Ncb5 Ra6
16.Bd2 Nxc4 17.Qxc4 Qe5 18.Rac1 Nd7 19.Nb3 Rc6 20.Bc3 Qf5 21.Qd5 Qxd5 22.
Rxd5 a4 23.Nxc5 Rxc5 24.Rcd1 Rxd5 25.Rxd5 Nb8 26.Bb4 Be6 27.Rd2 Rc8 28.Nd6
Rd8 29.Nxe4 Rxd2 30.Bxd2 b5 31.Nd6 Bc4 32.Nxc4 bxc4 33.Kf1 Nc6 34.Ke2 Kf8 
35.Bc3 g6 36.Kd2 Ke7 37.e4 Ke6 38.f4 Na7 39.g4 f5 40.Ke3 Nb5 41.Be5 fxg4 
42.hxg4 g5 43.Bc3 gxf4+ 44.Kxf4 Nc7 45.Be5 Nb5 46.g5 Na7 47.Bh8 Nb5 48.Bc3
Nc7 49.e5 Kd5 50.Kf5 Ne8 51.Ba5 Ng7+ 52.Kg4 Ne6 53.Bc3 Ke4 54.Kh5 Kf5 55.
Bd2 Kxe5 56.Kh6 Kf5 57.Bc1 Ke4 58.Bd2 Kf5 59.Bc1 Ke4 60.Bd2 Kd5 1/2-1/2

[Event "3rd Africa-ch"]
[Site "Abuja NGR"]
[Date "2003.10.12"]
[Round "3"]
[White "El-Taher, Fouad"]
[Black "Agnelo, Amorim"]
[Result "1-0"]
[WhiteElo "2505"]
[BlackElo "2254"]
[EventDate "2003.10.10"]
[PlyCount "77"]

1.e4 c5 2.Nf3 d6 3.d4 cxd4 4.Nxd4 Nf6 5.Nc3 a6 6.f4 e6 7.Qf3 Be7 8.Be3 Qc7
9.g4 Nc6 10.g5 Nd7 11.O-O-O O-O 12.h4 Re8 13.f5 Nde5 14.Qg3 Bf8 15.Bh3 
Nxd4 16.Rxd4 b5 17.Kb1 Rb8 18.Ne2 Nc4 19.fxe6 fxe6 20.Bc1 e5 21.Rd3 b4 22.
b3 Nb6 23.Be3 Nd7 24.Rhd1 a5 25.Qg2 Nc5 26.Bxc5 Qxc5 27.Bxc8 Rbxc8 28.Ng3 
a4 29.Nf5 a3 30.Qd2 Red8 31.Ne3 Rd7 32.Nd5 Rf7 33.Re3 Rb8 34.c3 bxc3 35.
Rxc3 Qf2 36.Nf6+ Rxf6 37.gxf6 Qxd2 38.Rxd2 gxf6 39.Rc7 1-0

[Event "3rd Africa-ch"]
[Site "Abuja NGR"]
[Date "2003.10.12"]
[Round "3"]
[White "Ezat, Mohamed"]
[Black "Haddouche, Mohamed"]
[Result "1-0"]
[WhiteElo "2405"]
[BlackElo "2161"]
[EventDate "2003.10.10"]
[PlyCount "121"]

1.d4 Nf6 2.c4 g6 3.Nc3 Bg7 4.e4 d6 5.Be2 O-O 6.Bg5 c5 7.d5 h6 8.Bf4 Nbd7 
9.Qd2 Kh7 10.Nf3 Ng4 11.O-O Nge5 12.Nxe5 Nxe5 13.Bg3 Nd7 14.f4 a6 15.Rae1 
Rb8 16.Bd3 b5 17.e5 bxc4 18.Bb1 Kh8 19.f5 dxe5 20.fxg6 fxg6 21.Rxf8+ Qxf8 
22.Bxg6 Rb6 23.Bb1 e4 24.Rxe4 Bd4+ 25.Bf2 Bxf2+ 26.Qxf2 Qxf2+ 27.Kxf2 
Rxb2+ 28.Kg3 Nf6 29.Rxe7 Bb7 30.Be4 Kg8 31.d6 Bxe4 32.Nxe4 Nxe4+ 33.Rxe4 
Rd2 34.Rxc4 Rxd6 35.Rxc5 Rd3+ 36.Kf4 Rd2 37.Rc8+ Kf7 38.Rc7+ Kf8 39.Kf3 
Rxa2 40.Rh7 Ra3+ 41.Kg4 Ra4+ 42.Kh3 Ra3+ 43.g3 Ra2 44.Rxh6 Kg7 45.Rb6 a5 
46.Ra6 a4 47.g4 a3 48.g5 Rb2 49.Kg3 a2 50.h4 Kf7 51.Kg4 Rg2+ 52.Kh5 Rh2 
53.g6+ Kg7 54.Ra7+ Kf6 55.Rf7+ Ke5 56.Rf1 Rf2 57.Re1+ Kf6 58.Kh6 Rf4 59.h5
Ra4 60.g7 Ra8 61.Rf1+ 1-0

[Event "3rd Africa-ch"]
[Site "Abuja NGR"]
[Date "2003.10.12"]
[Round "3"]
[White "Molale, Ofentse"]
[Black "Lungu, Malupande"]
[Result "1-0"]
[WhiteElo "2181"]
[BlackElo "2295"]
[EventDate "2003.10.10"]
[PlyCount "127"]

1.e4 e5 2.Nf3 Nc6 3.Nc3 Nf6 4.d4 exd4 5.Nxd4 d6 6.Nxc6 bxc6 7.Bd3 Be7 8.
O-O O-O 9.f4 d5 10.e5 Ng4 11.Qe1 f5 12.h3 Nh6 13.Kh1 Be6 14.b3 Kh8 15.Ne2 
c5 16.c3 Rg8 17.Be3 c6 18.Rd1 Qa5 19.Bb1 Rgf8 20.Ng1 g6 21.Nf3 Nf7 22.b4 
cxb4 23.Nd4 Nd8 24.Nb3 Qb5 25.Bd3 Qb8 26.Rb1 a5 27.Nc5 Qc8 28.cxb4 axb4 
29.Rb2 Bf7 30.Qxb4 Ne6 31.Qc3 Rd8 32.Nxe6 Qxe6 33.Bc5 d4 34.Qc2 Bxc5 35.
Qxc5 Qd5 36.Qe7 Qe6 37.Qc5 Rd5 38.Qb6 Rdd8 39.Rc1 Be8 40.Bc4 Qe7 41.Rd2 
Rab8 42.Qa6 Qb4 43.Rdd1 Ra8 44.Rb1 Qc5 45.Qb7 Qxc4 46.Rbc1 Qf7 47.Qb4 Rab8
48.Qa3 Kg8 49.e6 Qxe6 50.Re1 Qd6 51.Rxe8+ Kf7 52.Qxd6 Rxd6 53.Rxb8 Ke6 54.
Re8+ Kd7 55.Re5 d3 56.Kg1 Rd4 57.Kf2 Kd6 58.Ke3 c5 59.Rd1 Kc6 60.Rxd3 Ra4 
61.Rxf5 Rxa2 62.Rc3 Ra5 63.Rh5 Kb6 64.Rxh7 1-0

[Event "3rd Africa-ch"]
[Site "Abuja NGR"]
[Date "2003.10.12"]
[Round "3"]
[White "Olape, Bunmi"]
[Black "Shebsh, Abdullatief Mohamed"]
[Result "1-0"]
[WhiteElo "2273"]
[BlackElo "2161"]
[EventDate "2003.10.10"]
[PlyCount "125"]

1.e4 c5 2.Nf3 d6 3.d4 cxd4 4.Nxd4 Nf6 5.Nc3 g6 6.Be2 Bg7 7.Be3 Nc6 8.f3 
O-O 9.Qd2 Nxd4 10.Bxd4 Be6 11.O-O-O Qa5 12.Kb1 Rfe8 13.g4 Rac8 14.a3 a6 
15.Qe3 h6 16.h4 Nd7 17.Bxg7 Kxg7 18.f4 Rxc3 19.Qxc3+ Qxc3 20.bxc3 Nc5 21.
Rd4 b5 22.c4 Na4 23.Rh3 Rc8 24.cxb5 axb5 25.f5 gxf5 26.gxf5 Bd7 27.c4 bxc4
28.Rxc4 Nc5 29.Kc1 Kf6 30.Kd2 Ke5 31.Re3 Bc6 32.Bf3 Ra8 33.Rb4 Rg8 34.Ke2 
Bb7 35.Kf2 Ra8 36.Bd1 Ba6 37.Bc2 Bb7 38.Kf3 Bc6 39.Rc3 e6 40.Ke3 Ra5 41.
fxe6 fxe6 42.a4 Ra8 43.Rbc4 Ra5 44.Ra3 Ra8 45.a5 Bb5 46.Rb4 Ba6 47.Rb6 Rf8
48.Rc3 Ra8 49.Rc6 Bb7 50.R6xc5+ dxc5 51.Rxc5+ Kd6 52.Kd4 Rg8 53.Bd3 Rg3 
54.e5+ Kd7 55.Bb5+ Kd8 56.a6 Rg4+ 57.Kc3 Bxa6 58.Bxa6 Rxh4 59.Rc4 Rh3+ 60.
Kd4 h5 61.Rc6 Rh4+ 62.Kc5 Re4 63.Kd6 1-0

[Event "3rd Africa-ch"]
[Site "Abuja NGR"]
[Date "2003.10.12"]
[Round "3"]
[White "Van den Heever, Donovan"]
[Black "Adly, Ahmed"]
[Result "0-1"]
[WhiteElo "2035"]
[BlackElo "2448"]
[EventDate "2003.10.10"]
[PlyCount "75"]

1.e4 c5 2.Nf3 d6 3.d4 cxd4 4.Nxd4 Nf6 5.Nc3 a6 6.Be3 Ng4 7.Bg5 h6 8.Bh4 g5
9.Bg3 Bg7 10.Be2 h5 11.Bxg4 Bxg4 12.f3 Bd7 13.Qd2 Nc6 14.Bf2 Ne5 15.Nd5 
Rc8 16.O-O g4 17.f4 Nc4 18.Qe1 e6 19.b3 exd5 20.bxc4 Rxc4 21.exd5+ Kf8 22.
Qe4 b5 23.a4 Qf6 24.c3 h4 25.axb5 Bxb5 26.Qe3 Rxd4 27.Qxd4 g3 28.Qxf6 
gxf2+ 29.Rxf2 Bxf6 30.Rf3 Rh5 31.f5 Rg5 32.Rf4 Bxc3 33.Rc1 Be5 34.Rxh4 
Rxf5 35.Re4 Bd3 36.Rb4 a5 37.Ra4 Bf4 38.Rca1 0-1

[Event "3rd Africa-ch"]
[Site "Abuja NGR"]
[Date "2003.10.13"]
[Round "4"]
[White "Agnelo, Amorim"]
[Black "Haddouche, Mohamed"]
[Result "0-1"]
[WhiteElo "2254"]
[BlackElo "2161"]
[EventDate "2003.10.10"]
[PlyCount "97"]

1.e4 e5 2.Nf3 Nc6 3.Bb5 a6 4.Ba4 Nf6 5.O-O Be7 6.Re1 b5 7.Bb3 d6 8.c3 O-O 
9.h3 Nb8 10.d4 Nbd7 11.a4 Bb7 12.Nbd2 c5 13.d5 c4 14.Bc2 Re8 15.Nf1 Bf8 
16.g4 h5 17.g5 Nh7 18.Ng3 g6 19.Be3 Nc5 20.axb5 axb5 21.Rxa8 Bxa8 22.Kh2 
Bb7 23.Rg1 Bc8 24.Nf1 Qd7 25.Rg3 Qa7 26.Bc1 Be7 27.Ne3 Qa1 28.Rg1 Bd8 29.
Qe2 Qa2 30.h4 Nb3 31.Bxb3 Qxb3 32.Nd2 Qa4 33.Ndf1 Qa7 34.Ng3 Bb6 35.Ngf5 
Bc5 36.Rg3 Rf8 37.Nh6+ Kh8 38.Nd1 Qe7 39.Be3 Bxe3 40.Nxe3 f6 41.Nef5 Qd8 
42.Qe3 fxg5 43.hxg5 Qc7 44.f4 gxf5 45.g6 Qg7 46.Nf7+ Rxf7 47.gxf7 Qxf7 48.
exf5 h4 49.Rg2 0-1

[Event "3rd Africa-ch"]
[Site "Abuja NGR"]
[Date "2003.10.13"]
[Round "4"]
[White "Arab, Adlane"]
[Black "Aderito, Pedro"]
[Result "1-0"]
[WhiteElo "2241"]
[BlackElo "2285"]
[EventDate "2003.10.10"]
[PlyCount "107"]

1.d4 Nf6 2.c4 c5 3.d5 b5 4.cxb5 a6 5.bxa6 g6 6.Nc3 d6 7.g3 Bg7 8.Bg2 O-O 
9.Nf3 Nbd7 10.Rb1 Bxa6 11.O-O Qa5 12.Bd2 Rfb8 13.a4 Qc7 14.b3 Ra7 15.Qc2 
Rab7 16.Rfd1 Rb6 17.Be1 Qb7 18.Nd2 Rb4 19.h3 Ne8 20.Na2 Rd4 21.Ne4 Rxd1 
22.Qxd1 Nc7 23.Nec3 Qa7 24.Kh2 Rb7 25.Ne4 Qb8 26.Nec3 h5 27.f4 Rb6 28.e4 
Ne8 29.Qc2 Nef6 30.Nd1 Bh6 31.b4 h4 32.b5 hxg3+ 33.Bxg3 Bc8 34.Bf3 Ne8 35.
Nac3 Qa7 36.Nb2 Rb8 37.Ra1 Nc7 38.Be2 Bg7 39.Ra3 Bd4 40.Nc4 Na8 41.a5 Nf6 
42.b6 Qd7 43.Bf1 Ba6 44.Ne2 Nxe4 45.Nxd4 Nxg3 46.Rxg3 cxd4 47.f5 Kg7 48.
Qe4 Rh8 49.Qxd4+ Kg8 50.fxg6 f6 51.Ne3 Bxf1 52.Nxf1 Kg7 53.Ne3 Rh5 54.Qg4 
1-0

[Event "3rd Africa-ch"]
[Site "Abuja NGR"]
[Date "2003.10.13"]
[Round "4"]
[White "Tandala Campos, Eugenio"]
[Black "Olape, Bunmi"]
[Result "1/2-1/2"]
[WhiteElo "2249"]
[BlackElo "2273"]
[EventDate "2003.10.10"]
[PlyCount "115"]

1.e4 e5 2.Nf3 Nf6 3.d4 Nxe4 4.Bd3 d5 5.Nxe5 Bd6 6.O-O O-O 7.c4 c6 8.Nc3 
Nxc3 9.bxc3 Nd7 10.Nxd7 Bxd7 11.cxd5 cxd5 12.Qh5 f5 13.Re1 Qc7 14.Bd2 Rf7 
15.h3 b5 16.Qf3 Qc6 17.a4 bxa4 18.c4 dxc4 19.Qxc6 Bxc6 20.Bxc4 Kf8 21.Bxf7
Kxf7 22.Rec1 Bd7 23.Rcb1 Bc6 24.Bb4 Bxb4 25.Rxb4 a6 26.Rb6 Bb5 27.Rc1 Ra7 
28.d5 Rd7 29.d6 Ke6 30.f4 Rxd6 31.Re1+ Kd7 32.Rb7+ Kc6 33.Rxg7 a3 34.Rg3 
a2 35.Rc3+ Kd5 36.Re5+ Kd4 37.Ra3 Bc4 38.Rxf5 Rd5 39.Rf6 Kc5 40.Kh2 Rd2 
41.Rfxa6 Bxa6 42.Rxa6 Kb4 43.f5 Kb3 44.Kg3 Rd3+ 45.Kh2 Kb2 46.f6 a1=Q 47.
Rxa1 Kxa1 48.g4 Rf3 49.g5 Kb2 50.h4 Kc3 51.Kg2 Rf5 52.Kg3 Kd4 53.Kg4 Ke5 
54.Kh5 Rf4 55.Kh6 Rxh4+ 56.Kg7 Rh5 57.f7 Rxg5+ 58.Kxh7 1/2-1/2

[Event "3rd Africa-ch"]
[Site "Abuja NGR"]
[Date "2003.10.13"]
[Round "4"]
[White "Cochrane, John Miles"]
[Black "Aikhoje, Odion"]
[Result "0-1"]
[WhiteElo "2206"]
[BlackElo "2278"]
[EventDate "2003.10.10"]
[PlyCount "72"]

1.e4 Nf6 2.Nc3 d5 3.exd5 Nxd5 4.Nxd5 Qxd5 5.Nf3 Bg4 6.Be2 c5 7.O-O Nc6 8.
d3 e6 9.b3 Be7 10.Bb2 O-O 11.Ne5 Bxe2 12.Qxe2 Nd4 13.Bxd4 cxd4 14.a4 Rac8 
15.Ra2 Bb4 16.f3 Rc5 17.Nc4 a6 18.Qe4 f5 19.Qxd5 exd5 20.Ne5 Re8 21.f4 Bd2
22.g3 Be3+ 23.Kh1 Rec8 24.Rb1 Rxc2 25.Rbb2 Rc1+ 26.Kg2 Rg1+ 27.Kh3 h6 28.
b4 g5 29.fxg5 hxg5 30.Rc2 Rc3 31.Nd7 Kg7 32.Ne5 Kf6 33.Nd7+ Ke7 34.Nc5 b6 
35.Nxa6 Kf6 36.Nc7 Rxc7 0-1

[Event "3rd Africa-ch"]
[Site "Abuja NGR"]
[Date "2003.10.13"]
[Round "4"]
[White "Domingos, Catarino"]
[Black "Domingos, Ediberto"]
[Result "1/2-1/2"]
[WhiteElo "2266"]
[BlackElo "2200"]
[EventDate "2003.10.10"]
[PlyCount "25"]

1.e4 e6 2.d4 d5 3.e5 c5 4.c3 Bd7 5.Nf3 Qb6 6.Be2 cxd4 7.cxd4 Bb5 8.O-O 
Bxe2 9.Qxe2 Qa6 10.Qd1 Ne7 11.Nc3 Nec6 12.Be3 Nd7 13.a3 1/2-1/2

[Event "3rd Africa-ch"]
[Site "Abuja NGR"]
[Date "2003.10.13"]
[Round "4"]
[White "El-Gindy, Essam"]
[Black "Abdelnabbi, Imed"]
[Result "1-0"]
[WhiteElo "2501"]
[BlackElo "2484"]
[EventDate "2003.10.10"]
[PlyCount "81"]

1.d4 Nf6 2.c4 e6 3.Nc3 d5 4.Nf3 c5 5.cxd5 Nxd5 6.e4 Nxc3 7.bxc3 cxd4 8.
cxd4 Bb4+ 9.Bd2 Bxd2+ 10.Qxd2 O-O 11.Be2 b6 12.O-O Bb7 13.Qe3 Nc6 14.Rfd1 
Rc8 15.Rac1 Qe7 16.Bd3 Rfd8 17.h3 h6 18.Bb1 Rc7 19.a3 Na5 20.Rxc7 Qxc7 21.
Rc1 Qd6 22.h4 Kf8 23.Ba2 Nc6 24.Rd1 e5 25.Qb3 Rd7 26.d5 Ne7 27.Qb2 f6 28.
h5 Rc7 29.Rc1 Rxc1+ 30.Qxc1 Ba6 31.Qd1 Bb5 32.a4 Be8 33.Nh4 Bd7 34.Bc4 Qb4
35.Bb5 Bxb5 36.axb5 Qxe4 37.d6 Nd5 38.Ng6+ Ke8 39.Qc1 Kd8 40.Ne7 Ke8 41.
Qc8+ 1-0

[Event "3rd Africa-ch"]
[Site "Abuja NGR"]
[Date "2003.10.13"]
[Round "4"]
[White "Tefera, Wossenyelew Haily"]
[Black "Belkacem, Krim"]
[Result "0-1"]
[WhiteElo "2211"]
[BlackElo "2121"]
[EventDate "2003.10.10"]
[PlyCount "94"]

1.d4 d5 2.c4 e6 3.Nc3 Nf6 4.Bg5 Nbd7 5.Nf3 Be7 6.e3 O-O 7.Rc1 Re8 8.Bd3 
dxc4 9.Bxc4 a6 10.O-O b5 11.Bd3 c5 12.dxc5 Nxc5 13.Bb1 Ncd7 14.Qe2 Bb7 15.
Rfd1 Qb6 16.Qc2 Nf8 17.Ne5 Red8 18.Rxd8 Rxd8 19.Rd1 Rxd1+ 20.Qxd1 Qd8 21.
Qxd8 Bxd8 22.Ng4 N8d7 23.a3 h6 24.Bh4 Ba5 25.Nxf6+ Nxf6 26.Bxf6 gxf6 27.
Ne4 f5 28.Nc5 Bc8 29.Kf1 Bc7 30.e4 f4 31.Ke2 Kf8 32.Kf3 e5 33.Ba2 Bd6 34.
b4 Ke7 35.Bd5 Bxc5 36.bxc5 a5 37.Ke2 Be6 38.Kd3 h5 39.f3 h4 40.h3 Bxd5 41.
exd5 f5 42.c6 Kd6 43.Kc3 e4 44.fxe4 fxe4 45.Kd4 e3 46.Kd3 b4 47.axb4 axb4 
0-1

[Event "3rd Africa-ch"]
[Site "Abuja NGR"]
[Date "2003.10.13"]
[Round "4"]
[White "Henni, Mohamed"]
[Black "Van den Heever, Donovan"]
[Result "1/2-1/2"]
[WhiteElo "2273"]
[BlackElo "2035"]
[EventDate "2003.10.10"]
[PlyCount "132"]

1.e4 c5 2.Nc3 Nc6 3.g3 g6 4.Bg2 Bg7 5.Nge2 e6 6.f4 d6 7.O-O Nge7 8.d3 O-O 
9.Be3 Nd4 10.Bf2 Rb8 11.Nxd4 cxd4 12.Ne2 e5 13.c3 dxc3 14.bxc3 Bg4 15.fxe5
Bxe5 16.d4 Bg7 17.h3 Bd7 18.Qb3 Qa5 19.Be3 Qa6 20.Bg5 Ba4 21.Qb2 Nc6 22.
Rf2 Bb5 23.Raf1 Rbe8 24.Bf3 Bd3 25.Bf4 Na5 26.Qa3 Nc4 27.Qxa6 bxa6 28.g4 
Bxe4 29.Bxe4 Rxe4 30.Ng3 Re6 31.Rb1 Nb6 32.Rb3 Rc8 33.Ne2 d5 34.Bc1 Rce8 
35.Kf1 Bf6 36.g5 Bd8 37.Bf4 f6 38.gxf6 Bxf6 39.Bg3 Bg5 40.Nf4 Re3 41.Kg2 
Bxf4 42.Bxf4 Re2 43.Be5 Rxf2+ 44.Kxf2 Re6 45.Bb8 Nc8 46.Bc7 Rc6 47.Ba5 Nb6
48.Rb1 Rf6+ 49.Kg3 Kf7 50.Re1 Re6 51.Rf1+ Ke8 52.Bb4 Nd7 53.Rf2 Nf6 54.Kg2
Kd7 55.Bc5 Kc6 56.Bxa7 Kb5 57.Bc5 Kc4 58.Bb4 h5 59.Ba5 Ne4 60.Rf8 Rf6 61.
Rc8+ Kd3 62.Rd8 Rf2+ 63.Kg1 Ke2 64.Rxd5 Rf1+ 65.Kg2 Rf2+ 66.Kg1 Rf1+ 
1/2-1/2

[Event "3rd Africa-ch"]
[Site "Abuja NGR"]
[Date "2003.10.13"]
[Round "4"]
[White "Sebih, Kamel"]
[Black "Akintola, Fola"]
[Result "1-0"]
[WhiteElo "2077"]
[BlackElo "2256"]
[EventDate "2003.10.10"]
[PlyCount "94"]

1.d4 d5 2.c4 e6 3.Nc3 c5 4.cxd5 exd5 5.Nf3 Nc6 6.g3 Nf6 7.Bg2 Be7 8.O-O 
O-O 9.Bg5 cxd4 10.Nxd4 h6 11.Be3 Re8 12.Qa4 Bd7 13.Qd1 Bg4 14.h3 Bh5 15.
Nf5 Bf8 16.Nxd5 Re5 17.Nxf6+ Qxf6 18.g4 Bg6 19.Ng3 Rxe3 20.fxe3 Qe5 21.Rf3
Qxb2 22.e4 Rd8 23.Qc1 Qe5 24.Rb1 Nd4 25.Rc3 b6 26.Qe1 Bc5 27.Kh1 Re8 28.
Rd3 f6 29.Rbd1 Bf7 30.Qd2 Ne6 31.Rf1 Bf8 32.Rf5 Qa1+ 33.Rf1 Qe5 34.Qc3 
Qxc3 35.Rxc3 Nc5 36.Rd1 Bxa2 37.Ra1 Bf7 38.Rxa7 Rd8 39.Rc1 b5 40.e5 fxe5 
41.Rb1 Bc4 42.Bc6 Rb8 43.Ra8 Rb6 44.Bf3 Ne6 45.Nf5 Nf4 46.Ne3 Be6 47.Kh2 
b4 1-0

[Event "3rd Africa-ch"]
[Site "Abuja NGR"]
[Date "2003.10.13"]
[Round "4"]
[White "Kobese, Watu"]
[Black "Solomon, Kenny"]
[Result "1-0"]
[WhiteElo "2404"]
[BlackElo "2339"]
[EventDate "2003.10.10"]
[PlyCount "123"]

1.e4 c5 2.Nf3 Nc6 3.d4 cxd4 4.Nxd4 Nf6 5.Nc3 e5 6.Nf5 d5 7.exd5 Bxf5 8.
dxc6 bxc6 9.Qf3 Qd7 10.Bc4 e4 11.Qg3 Bg6 12.O-O Bd6 13.Qh4 Qg4 14.Qxg4 
Nxg4 15.h3 Ne5 16.Ba6 f5 17.b3 O-O 18.Ne2 c5 19.Rd1 Be7 20.Bb2 Bf6 21.Rab1
Rad8 22.Ba3 Be7 23.Nf4 Bf7 24.Bb7 g5 25.Nd5 Bd6 26.Bb2 Bxd5 27.Rxd5 Ng6 
28.Rbd1 Be7 29.Ba3 Rb8 30.Rd7 Rf6 31.Rc7 Rb6 32.Bd5+ Kf8 33.Rxa7 Rd8 34.c4
Rbb8 35.Bc1 h6 36.Bb2 Rb6 37.g3 Rbd6 38.Re1 R6d7 39.Ra6 Rd6 40.Ra5 Rb6 41.
Ra7 Rbd6 42.Bc3 R6d7 43.Ra6 Rd6 44.Ra5 R6d7 45.Rb5 Ra7 46.a4 Bd6 47.Rb6 
Ne5 48.Rd1 Nf3+ 49.Kg2 Nd4 50.Rxd4 cxd4 51.Bxd4 Ra5 52.Bc3 Ra7 53.a5 Bc7 
54.Rxh6 Bxa5 55.Bf6 Rxd5 56.cxd5 Rc7 57.Bd8 Rc5 58.Bxa5 Rxa5 59.Rf6+ Kg7 
60.Rxf5 Kg6 61.Re5 Rb5 62.Rxe4 1-0

[Event "3rd Africa-ch"]
[Site "Abuja NGR"]
[Date "2003.10.13"]
[Round "4"]
[White "Lungu, Nase"]
[Black "Chumfwa, Stanley"]
[Result "1/2-1/2"]
[WhiteElo "2270"]
[BlackElo "2318"]
[EventDate "2003.10.10"]
[PlyCount "144"]

1.Nf3 Nf6 2.c4 e6 3.Nc3 Bb4 4.Qc2 O-O 5.a3 Bxc3 6.Qxc3 b6 7.d3 d6 8.e3 Bb7
9.Be2 Nbd7 10.b4 Qe7 11.Bb2 c5 12.O-O Rac8 13.Qb3 e5 14.Nd2 Ne8 15.Qa4 Ra8
16.Bf3 Bxf3 17.Nxf3 f5 18.bxc5 Nxc5 19.Qc6 Rd8 20.d4 Nd3 21.Bc3 e4 22.Ne1 
Nxe1 23.Rfxe1 Qe6 24.Qa4 Rf7 25.Rec1 Rc8 26.Be1 Rfc7 27.Rc2 Qd7 28.Qb3 d5 
29.Rac1 dxc4 30.Rxc4 Rxc4 31.Rxc4 Qd5 32.Rc3 Qxb3 33.Rxb3 Kf7 34.a4 Rc1 
35.Kf1 Nd6 36.Ke2 Ke6 37.a5 Nc4 38.axb6 axb6 39.Rb4 Kd6 40.Ra4 Nb2 41.Ra7 
Rc2+ 42.Kf1 Nd3 43.Ra1 Kd5 44.Rb1 Rc1 45.Rxc1 Nxc1 46.Bd2 Nd3 47.Ke2 b5 
48.f3 b4 49.f4 Kc4 50.Kd1 Nb2+ 51.Kc1 Na4 52.d5 Kxd5 53.Bxb4 Kc4 54.Bf8 
Kd3 55.Bxg7 Kxe3 56.g4 fxg4 57.f5 Nc5 58.Bh6+ Kf2 59.f6 e3 60.f7 Ne6 61.
Kc2 e2 62.Bf4 e1=Q 63.Bg3+ Ke2 64.Bxe1 Kxe1 65.Kd3 Kf2 66.Ke4 Ng5+ 67.Kf5 
Nxf7 68.Kxg4 Ke3 69.Kf5 Kf3 70.Kf6 h5 71.Kxf7 h4 72.Kg6 h3 1/2-1/2

[Event "3rd Africa-ch"]
[Site "Abuja NGR"]
[Date "2003.10.13"]
[Round "4"]
[White "Mbambara, Tizenge"]
[Black "Khaled, Aoudia"]
[Result "0-1"]
[WhiteElo "2100"]
[BlackElo "2156"]
[EventDate "2003.10.10"]
[PlyCount "160"]

1.d4 Nf6 2.Nf3 g6 3.c4 c5 4.e3 Bg7 5.Nc3 O-O 6.Be2 cxd4 7.exd4 d5 8.O-O 
Nc6 9.Ne5 dxc4 10.Nxc6 bxc6 11.Bxc4 Qd6 12.h3 Rb8 13.b3 Nh5 14.Be3 Qc7 15.
Qf3 Qa5 16.Na4 Ba6 17.Qxc6 Bb7 18.Qc5 Qd8 19.Qxa7 e5 20.d5 Nf4 21.Rad1 Qg5
22.Bxf4 exf4 23.Rd3 Be5 24.Nb6 Rfd8 25.f3 Qf6 26.Na4 Bc8 27.Qf2 h5 28.Nc5 
Bc7 29.Ne4 Qe5 30.Kh1 Qe7 31.d6 Bxd6 32.Nxd6 Rxd6 33.Re1 Be6 34.Qc5 Qh4 
35.Re4 Rxd3 36.Bxd3 Bxh3 37.Qd6 Bf5+ 38.Kg1 Rd8 39.Qxf4 Qxf4 40.Rxf4 Rxd3 
41.Ra4 Rd2 42.b4 Be6 43.Ra8+ Kg7 44.a4 Kf6 45.b5 Ke5 46.a5 Kf4 47.b6 Bd5 
48.Rc8 Ra2 49.Rc5 Bb7 50.Kh2 f5 51.Rc4+ Ke5 52.Rc7 Bxf3 53.b7 Bxb7 54.Rxb7
Rxa5 55.Rb6 g5 56.Rb1 Ra4 57.Rc1 Kf4 58.Rb1 Kg4 59.Rb3 f4 60.Rc3 Kh4 61.
Rh3+ Kg4 62.Rb3 Ra5 63.Rh3 Re5 64.Ra3 Re3 65.Ra4 h4 66.Ra2 h3 67.gxh3+ 
Rxh3+ 68.Kg2 f3+ 69.Kg1 Kg3 70.Rg2+ Kf4 71.Ra2 g4 72.Rb2 Rh7 73.Ra2 Re7 
74.Ra1 g3 75.Ra4+ Re4 76.Ra1 Rd4 77.Rb1 Rd2 78.Rb4+ Ke3 79.Rb1 Ke2 80.Re1+
Kxe1 0-1

[Event "3rd Africa-ch"]
[Site "Abuja NGR"]
[Date "2003.10.13"]
[Round "4"]
[White "Pitlagano, Tebogo"]
[Black "Abera, Yimam Belachew"]
[Result "1-0"]
[WhiteElo "2073"]
[BlackElo "2200"]
[EventDate "2003.10.10"]
[PlyCount "75"]

1.e4 c5 2.Nf3 d6 3.d4 cxd4 4.Nxd4 Nf6 5.Nc3 e6 6.Be3 a6 7.Be2 Be7 8.Qd2 
O-O 9.f3 b5 10.g4 Bb7 11.O-O-O Nbd7 12.g5 Ne8 13.h4 Nc5 14.h5 b4 15.Nb1 
Rc8 16.g6 e5 17.Nb3 Nxe4 18.Qxb4 Qc7 19.Bd3 Nc5 20.Nxc5 dxc5 21.Qg4 c4 22.
Bf5 Nf6 23.Qg2 Rb8 24.h6 fxg6 25.Be6+ Rf7 26.hxg7 Kxg7 27.Bh6+ Kg8 28.Bg5 
Qb6 29.Bxf7+ Kxf7 30.Bxf6 Bxf6 31.Rxh7+ Bg7 32.Rd7+ Kf8 33.Rhxg7 Qe3+ 34.
Qd2 Qg1+ 35.Qd1 Qe3+ 36.Nd2 Bd5 37.Qh1 Bg8 38.Rxg8+ 1-0

[Event "3rd Africa-ch"]
[Site "Abuja NGR"]
[Date "2003.10.13"]
[Round "5"]
[White "Abdelnabbi, Imed"]
[Black "Sebih, Kamel"]
[Result "1/2-1/2"]
[WhiteElo "2484"]
[BlackElo "2077"]
[EventDate "2003.10.10"]
[PlyCount "74"]

1.e4 c6 2.d4 d5 3.Nd2 dxe4 4.Nxe4 Bf5 5.Ng3 Bg6 6.N1e2 Nf6 7.Nf4 e5 8.Nxg6
hxg6 9.dxe5 Qxd1+ 10.Kxd1 Ng4 11.Ne4 Nxe5 12.f3 Nbd7 13.c3 O-O-O 14.Kc2 
Nc5 15.Nxc5 Bxc5 16.Bf4 Rhe8 17.Re1 Bd6 18.Bg3 g5 19.Bf2 Kc7 20.h4 Rh8 21.
Be2 gxh4 22.Rxh4 Rxh4 23.Bxh4 Rh8 24.Bg3 Ng6 25.Bxd6+ Kxd6 26.Rd1+ Ke7 27.
Rd4 Rh2 28.Bf1 Nh4 29.Rd2 Rh1 30.Rf2 g5 31.Kd2 Rg1 32.Kc2 Rh1 33.Kd2 Rg1 
34.Re2+ Kf6 35.Ke1 Nf5 36.Re8 Ng3 37.Kf2 Rxf1+ 1/2-1/2

[Event "3rd Africa-ch"]
[Site "Abuja NGR"]
[Date "2003.10.13"]
[Round "5"]
[White "Aderito, Pedro"]
[Black "Alberto, Manuel"]
[Result "1/2-1/2"]
[WhiteElo "2285"]
[BlackElo "2110"]
[EventDate "2003.10.10"]
[PlyCount "25"]

1.Nf3 Nf6 2.d4 g6 3.Bf4 Bg7 4.e3 d5 5.Bd3 c5 6.c3 Qb6 7.Qc1 O-O 8.O-O Bf5 
9.Bxf5 gxf5 10.Qc2 Ne4 11.Rd1 cxd4 12.cxd4 Bxd4 13.exd4 1/2-1/2

[Event "3rd Africa-ch"]
[Site "Abuja NGR"]
[Date "2003.10.13"]
[Round "5"]
[White "Adu, Oladapo"]
[Black "Ezat, Mohamed"]
[Result "0-1"]
[WhiteElo "2268"]
[BlackElo "2405"]
[EventDate "2003.10.10"]
[PlyCount "64"]

1.e4 c6 2.d3 e5 3.Nf3 d6 4.d4 Nd7 5.Nc3 Ngf6 6.Bd3 Be7 7.Qe2 O-O 8.Bg5 Qb6
9.O-O-O exd4 10.Nb1 Ne5 11.h3 c5 12.Nxe5 dxe5 13.Nd2 Qa5 14.a3 Be6 15.g3 
Rfc8 16.Bc4 b5 17.Bxe6 fxe6 18.f4 c4 19.Bxf6 Bxf6 20.fxe5 Be7 21.Qg4 Rc6 
22.Nb1 c3 23.Rxd4 cxb2+ 24.Kd1 b4 25.axb4 Qa4 26.Ke2 Rxc2+ 27.Rd2 Qa6+ 28.
b5 Qxb5+ 29.Kf2 Rf8+ 30.Kg2 Rxd2+ 31.Nxd2 Qd3 32.Rd1 Rd8 0-1

[Event "3rd Africa-ch"]
[Site "Abuja NGR"]
[Date "2003.10.13"]
[Round "5"]
[White "Akintola, Fola"]
[Black "Cochrane, John Miles"]
[Result "1-0"]
[WhiteElo "2256"]
[BlackElo "2206"]
[EventDate "2003.10.10"]
[PlyCount "57"]

1.d4 Nf6 2.c4 e6 3.a3 c5 4.e3 b6 5.Nf3 d6 6.Nc3 Bb7 7.Be2 Be7 8.O-O O-O 9.
b3 Nbd7 10.Bb2 Ne4 11.Qc2 f5 12.Rad1 a6 13.Nxe4 Bxe4 14.Bd3 Bxd3 15.Qxd3 
Qe8 16.e4 Qg6 17.Rfe1 cxd4 18.exf5 Rxf5 19.Nxd4 Ne5 20.Nxf5 Qxf5 21.Qxf5 
exf5 22.Bxe5 dxe5 23.Rxe5 Bxa3 24.Rxf5 a5 25.Rfd5 Rf8 26.Rf5 Ra8 27.Rfd5 
Bf8 28.Rd8 Ra6 29.R1d3 1-0